América Latina y los mercados de futuros de productos básicos /
Bewaard in:
| Hoofdauteur: | |
|---|---|
| Coauteur: | |
| Andere auteurs: | |
| Formaat: | Texto |
| Gepubliceerd in: |
Santiago:
35 p
|
| Onderwerpen: | |
| Tags: |
Voeg label toe
Geen labels, Wees de eerste die dit record labelt!
|
MARC
| LEADER | 00000 a a2200000 04500 | ||
|---|---|---|---|
| 001 | 27531 | ||
| 003 | |||
| 040 | |a CRAI/IIS |c CRAI/IIS | ||
| 090 | |a 185300 | ||
| 100 | |a Menjívar, Oscar E. | ||
| 110 | |a CEPAL. División de Comercio Internacional y Desarrollo | ||
| 245 | |a América Latina y los mercados de futuros de productos básicos / |c Oscar E. Menjívar | ||
| 260 | |a Santiago: |b 35 p | ||
| 650 | |a PRECIOS | ||
| 650 | |a MERCADO FINANCIERO | ||
| 650 | |a ECONOMIA | ||
| 650 | |a AMERICA LATINA | ||
| 700 | |a consult | ||
| 999 | |c 7389 |d 7389 | ||
